| 000 | 00000nam##2200000za#4500 |
| 001 | 9.698489 |
| 003 | CaOODSP |
| 005 | 20210624235942 |
| 007 | cr ||||||||||| |
| 008 | 150407|2014||||xxc|||||o f|0| 0 eng|d |
| 020 | |a978-1-100-22759-7 |
| 040 | |aCaOODSP|beng |
| 043 | |an-cn--- |
| 086 | 1 |aHP35-43/2014E-PDF |
| 110 | 2 |aPublic Health Agency of Canada. |
| 245 | 10|aCancer in Canada - an epidemiologic overview : |h[electronic resource]|ba report based on the Cancer Incidence Atlas volume 2, 2000-2006 |
| 260 | |aOttawa - Ontario : |bPublic Health Agency of Canada |cFebruary 2014. |
| 300 | |a38p.|bglossary, references, tables |
| 590 | |a15-05|b2015-01-30 |
| 690 | 07|aCancer|2gcpds |
| 775 | 08|tLe cancer au Canada - aperçu épidémiologique : |w(CaOODSP)9.642496 |
| 856 | 40|ahttp://publications.gc.ca|qPDF|s983 KB|uhttps://publications.gc.ca/collections/collection_2015/aspc-phac/HP35-43-2014-eng.pdf |
| 986 | |aPub.: 130371 |